Lenguaje y soledad: Wittgenstein, Malinoswky y el dilema de las Habsburgo

محفوظ في:
التفاصيل البيبلوغرافية
المؤلف الرئيسي: Gellner, Ernest (مؤلف)
التنسيق: كتاب
اللغة:الإسبانية
منشور في: Madrid Síntesis 2002
الطبعة:1a. ed
سلاسل:Colección Perspectivas, 5
الموضوعات:
الوسوم: إضافة وسم
لا توجد وسوم, كن أول من يضع وسما على هذه التسجيلة!

MARC

LEADER 00000nam a2200000 a 4500
001 UCK0084
003 CL-VaPUC
005 20240124145842.0
008 040915e20020000SP |||||||||||||||||spa|d
999 |c 310621  |d 310619 
020 |a 8477389594 
040 |c Pontificia Universidad Católica de Valparaíso 
082 0 4 |a 301  |b GEL  |2 21 
100 0 |a Gellner, Ernest  |e author  |9 463477 
245 1 0 |a Lenguaje y soledad: Wittgenstein, Malinoswky y el dilema de las Habsburgo 
250 |a 1a. ed 
260 |a Madrid  |b Síntesis  |c 2002 
300 |a 298 p 
490 0 |a Colección Perspectivas, 5 
500 |a http://www.sintesis.com 
500 |a Lenguaje y soledad es un libro póstumo con el que Gellner cierra el círculo de su contribución intelectual. Con el estilo polémico y provocativo que tanto le caracterizó, y desde la posición del racionalismo ilustrado en que se situaba, ofrece un diagnóstico de la condición presente de nuestra sociedad y una propuesta de mediación de las dos tradiciones, intelectual y política a la vez, que la configuran: el liberalismo individualista y cosmopolita de ascendencia ilustrada, por un lado, y el comunalismo de raigambre romántica, por el otro 
583 |a last modification  |c 20040915 00:00:00  |k Rodrigo Vera 
600 0 |a Malinowski, Bronislaw,  |d 1884-1942  |9 862018 
600 0 |a Wittgenstein, Ludwig,   |d 1889-1951  |9 472472 
600 0 7 |a GELLNER, ERNEST, 1925-1995  |2 CL-VaPUC  |9 487990 
650 0 |a Antropología social  |9 306264 
650 0 |a Filosofía   |9 223554 
650 0 |a Sociología   |9 255410 
650 7 |a NACIONALISMO  |2 CL-VaPUC  |9 487992 
942 |c BK  |2 ddc 
945 |d 20040915 00:00:00  |a vberengu 
952 |0 0  |1 0  |4 0  |6 301_000000000000000_GEL_2002  |7 0  |8 A  |9 379456  |a BIBEDU  |b BIBEDU  |d 2019-11-21  |i 4060040  |o 301 GEL 2002  |p 4060040  |r 2019-11-21  |w 2019-11-21  |y BK  |k FIL